Normal view
MARC view
- Sharma, V K
Entry Personal Name
001 - CONTROL NUMBER
- control field: 6011
003 - CONTROL NUMBER IDENTIFIER
- control field: OSt
005 - DATE AND TIME OF LATEST TRANSACTION
- control field: 20240213151652.0
008 - FIXED-LENGTH DATA ELEMENTS
- fixed length control field: 240213|| aca||aabn | a|a d
040 ## - CATALOGING SOURCE
- Original cataloging agency: OSt
- Transcribing agency: OSt
100 ## - HEADING--PERSONAL NAME
- Personal name: Sharma, V K
670 ## - SOURCE DATA FOUND
- Source citation: Work cat.: (OSt)11194: Sharma, V K ., Hortculture technology,Vol-1 Production / , 2000.
